| 000 | 01201cam a2200241 i 4500 | ||
|---|---|---|---|
| 005 | 20251130093638.0 | ||
| 008 | 250721s2001 su gr 000 0 ara d | ||
| 020 | _a9960208451 | ||
| 082 | 1 | 4 |
_a211.9591 _bب ا ز |
| 100 | 1 |
_aالناصر، عبد الله بن سعد _eمؤلف. |
|
| 245 | 1 | 2 |
_aالسلسلة العلمية للحيوانات الواردة في القرآن الكريم / _cتأليف أ عبد الله بن سعد الباز، أ عبد العزيز بن عبد الرحمن الناصر. |
| 250 | _aالطبعة الأولى. | ||
| 264 | 3 | 1 |
_aالرياض : _bمكتبة العبيكان للنشر، _c2001. |
| 300 | _a71 صفحة. | ||
| 505 | 0 | _aالمجموعة الأولى الثدييات. المجموعة الثانية الطيور- الحشرات. المجموعة الثالثة البرمائيات- الزواحف- الأسماك- الجوفمعويات. | |
| 650 | 1 | 7 | _aالقرآن الكريم. |
| 650 | 1 | 7 | _aالحيوانات. |
| 650 | 1 | 7 | _aالبرمائيات. |
| 650 | 1 | 7 | _aالحيوانات المائية. |
| 700 | 1 |
_aالناصر، عبد العزيز بن سعد _eمؤلف. |
|
| 942 |
_2ddc _cBK |
||
| 999 |
_c98414 _d98414 |
||